000 00957nas a2200325 4500
001 BR2011007338
003 BR-BrBNA
005 20231205115749.0
007 ta
008 230509b bl.|||p| |||| 00| 00por d
040 _aBR-BrBNA
_bpor
_cBiblioteca Nacional de Agricultura
041 _a(Pt)
072 _aF01; F61
100 1 _aMay, A.
100 1 _aBovi, O.A.
100 1 _aSacconi, L.V.
100 1 _aSamra, A.G.
100 1 _aPinheiro, M.Q.
245 1 _aProdutividade da biomassa de melissa em função de intervalo de cortes e doses de nitrogênio
650 _aPLANTA MEDICINAL
650 _aNUTRIÇÃO VEGETAL
650 _aBIOMASSA
650 _aCORTE
650 _aNITROGÊNIO
650 _aRENDIMENTO
650 _aANÁLISE QUÍMICA
773 0 _tHorticultura Brasileira (Brazil)
_xISSN 0102-0536
_g(Jul-Sep 2008), v. 26(3) p. 312-315
_wBR2011007338
909 _a202311
_bLúcia
_c55
_dLúcia Elande
942 _2AGRIS
_n0
_cANA
999 _c215581
_d215581